[Event "Pan American-ch U20"]
[Site "Pereira"]
[Date "2022.08.26"]
[Round "7"]
[White "Cardenas Encalada, David Josue"]
[Black "Rojas Salas, Steven"]
[Result "0-1"]
[WhiteElo "1669"]
[BlackElo "2199"]
[PlyCount "78"]
[EventDate "2022.08.23"]
[EventType "swiss"]
[EventRounds "9"]
[EventCountry "COL"]
[SourceTitle "CBM 210 Extra"]
[Source "ChessBase"]
[SourceDate "2022.11.30"]
[SourceVersion "1"]
[SourceVersionDate "2022.11.30"]
[SourceQuality "1"]

1. d4 d5 2. Nf3 Nf6 3. b3 c5 4. Bb2 cxd4 5. Qxd4 Nc6 6. Qd1 Bf5 7. e3 e6 8. Bd3 Bxd3 9. cxd3 Qa5+ 10. Bc3 Qa6 11. 0-0 Be7 12. a3 0-0 13. Bb2 Nd7 14. b4 Qb6 15. Nc3 a5 16. b5 Na7 17. Rb1 Nc8 18. Na4 Qd6 19. Nc3 Ncb6 20. a4 Rfc8 21. Ne2 Qb4 22. Bd4 Qxa4 23. Rb3 Bb4 24. Nf4 Bd6 25. Nh5 e5 26. Ba1 Nc5 27. Rb1 Qxd1 28. Rfxd1 Ncd7 29. d4 e4 30. Ne5 f6 31. Nxd7 Nxd7 32. Rdc1 Nb6 33. Nf4 Bxf4 34. exf4 Rc4 35. Rxc4 Nxc4 36. Bc3 b6 37. Kf1 Rc8 38. Ke2 Nd6 39. Kd2 e3+ 0-1

[Event "ECU-ch Qual Blitz"]
[Site "Chess.com INT"]
[Date "2021.06.25"]
[Round "5"]
[White "Cardenas Encalada, David Josue"]
[Black "Echeverria Bravo, Juan Sebastian"]
[Result "1-0"]
[WhiteElo "1971"]
[BlackElo "1851"]
[PlyCount "59"]
[EventDate "2021.06.25"]
[EventType "swiss (blitz)"]
[EventRounds "9"]
[EventCountry "ECU"]
[SourceTitle "CBM 203 Extra"]
[Source "ChessBase"]
[SourceDate "2021.09.30"]
[SourceVersion "1"]
[SourceVersionDate "2021.09.30"]
[SourceQuality "1"]

1. Nf3 b6 2. e3 Bb7 3. d4 Nf6 4. b3 d5 5. Bb2 g6 6. Nbd2 Bg7 7. Be2 Nbd7 8. 0-0 0-0 9. c4 e6 10. Rc1 Re8 11. b4 dxc4 12. Nxc4 Nd5 13. a3 Ba6 14. Qb3 N7f6 15. b5 Bb7 16. Nce5 Ne7 17. Rc2 Be4 18. Bd3 Bxd3 19. Qxd3 Nd7 20. Nc6 Nxc6 21. Rxc6 Rc8 22. Rfc1 Nc5 23. Qc2 Qf6 24. Ne5 Nb7 25. Rxc7 Rxc7 26. Qxc7 Na5 27. Qxa7 Nb3 28. Rc7 Qf5 29. g3 Bxe5 30. dxe5 1-0

[Event "Preinscritos IRT Online"]
[Site "Chess.com INT"]
[Date "2020.12.26"]
[Round "6"]
[White "Cardenas Encalada, David Josue"]
[Black "Garzon Zapatanga, Christopher Leonel"]
[Result "1-0"]
[WhiteElo "1913"]
[BlackElo "2140"]
[PlyCount "79"]
[EventDate "2020.12.26"]
[EventType "swiss"]
[EventRounds "11"]
[EventCountry "ECU"]
[SourceTitle "CBM 200 Extra"]
[Source "ChessBase"]
[SourceDate "2021.03.31"]
[SourceVersion "1"]
[SourceVersionDate "2021.03.31"]
[SourceQuality "1"]

1. Nf3 Nf6 2. d4 d5 3. e3 e6 4. Bd3 c5 5. b3 Nc6 6. Bb2 Be7 7. 0-0 b6 8. Nbd2 0-0 9. Ne5 Bb7 10. f4 Rc8 11. a3 Nxe5 12. dxe5 Ne4 13. Nxe4 dxe4 14. Bc4 Qxd1 15. Raxd1 Rfd8 16. f5 Bd5 17. f6 Bf8 18. Bxd5 exd5 19. Rf4 c4 20. Bd4 cxb3 21. cxb3 Rc6 22. b4 g6 23. h4 h5 24. g4 Bh6 25. g5 Bf8 26. Rf2 Rdc8 27. Kg2 a5 28. b5 Re6 29. a4 Bc5 30. Rc2 Rd8 31. Bxc5 bxc5 32. Rxc5 Rxe5 33. b6 Kh7 34. b7 Rb8 35. Rc7 Kg8 36. Rc8+ Re8 37. Rxe8+ Rxe8 38. Rc1 Kh7 39. Rc8 Re6 40. b8Q 1-0

[Event "Preinscritos IRT Online"]
[Site "Chess.com INT"]
[Date "2020.12.26"]
[Round "8"]
[White "Cardenas Encalada, David Josue"]
[Black "Guaraca Pintado, Juan Pablo"]
[Result "0-1"]
[WhiteElo "1913"]
[BlackElo "2113"]
[PlyCount "70"]
[EventDate "2020.12.26"]
[EventType "swiss"]
[EventRounds "11"]
[EventCountry "ECU"]
[SourceTitle "CBM 200 Extra"]
[Source "ChessBase"]
[SourceDate "2021.03.31"]
[SourceVersion "1"]
[SourceVersionDate "2021.03.31"]
[SourceQuality "1"]

1. Nf3 Nf6 2. d4 g6 3. e3 Bg7 4. Bd3 c5 5. 0-0 d5 6. b3 0-0 7. Bb2 Nbd7 8. Nbd2 a6 9. a4 Rb8 10. h3 b5 11. axb5 axb5 12. dxc5 Nxc5 13. Be2 Bf5 14. Bd4 Ne6 15. c3 b4 16. c4 Rc8 17. g4 Be4 18. Nxe4 Nxe4 19. Bxg7 Kxg7 20. Qxd5 Nc3 21. Qe5+ Kg8 22. Rfe1 Rc5 23. Qg3 Ne4 24. Qh2 f5 25. Rad1 Qc8 26. Nd4 Nc3 27. Rd2 Nxe2+ 28. Nxe2 fxg4 29. hxg4 Rg5 30. Qg2 Nf4 31. Nxf4 Rxg4 32. Rd4 Rxg2+ 33. Nxg2 e5 34. Rh4 Qf5 35. f4 Qc2 0-1

[Event "Pan American-ch U14"]
[Site "Guayaquil"]
[Date "2019.07.23"]
[Round "4"]
[White "Cardenas Encalada, David Josue"]
[Black "Reyes Zavaleta, Fabian Ricardo"]
[Result "1/2-1/2"]
[WhiteElo "1689"]
[BlackElo "1457"]
[PlyCount "48"]
[EventDate "2019.07.21"]
[EventType "swiss"]
[EventRounds "9"]
[EventCountry "ECU"]
[SourceTitle "EXT 2020"]
[Source "ChessBase"]
[SourceDate "2019.10.17"]
[SourceVersion "1"]
[SourceVersionDate "2019.10.17"]
[SourceQuality "1"]

1. d4 Nf6 2. Nf3 e6 3. e3 Be7 4. Bd3 0-0 5. 0-0 d5 6. Nbd2 c5 7. b3 Nc6 8. Bb2 Nd7 9. a3 cxd4 10. exd4 Bf6 11. c4 dxc4 12. Nxc4 Nb6 13. Nce5 Nd5 14. Nxc6 bxc6 15. Qc2 g6 16. Qxc6 Bd7 17. Qc2 Rc8 18. Qd2 Qb6 19. Bc4 Bc6 20. Ne5 Rfd8 21. Nxc6 Rxc6 22. Rfd1 Rcd6 23. h3 Ne7 24. Rac1 Nf5 1/2-1/2

[Event "South America-ch U10 12th"]
[Site "Santa Cruz"]
[Date "2015.12.04"]
[Round "4"]
[White "Chiappero, Julio Alfredo"]
[Black "Cardenas Encalada, David Josue"]
[Result "1/2-1/2"]
[WhiteElo "1428"]
[BlackElo "1696"]
[PlyCount "76"]
[EventDate "2015.12.02"]
[EventType "swiss"]
[EventRounds "9"]
[EventCountry "BOL"]
[SourceTitle "CBM 170 Extra"]
[Source "ChessBase"]
[SourceDate "2016.02.25"]
[SourceVersion "1"]
[SourceVersionDate "2016.02.25"]
[SourceQuality "1"]

1. e4 d6 2. d4 g6 3. Nc3 Bg7 4. Bd3 Nd7 5. Nf3 c6 6. 0-0 Qc7 7. Bd2 Ngf6 8. Qc1 h5 9. Bf4 e5 10. dxe5 dxe5 11. Bg5 0-0 12. Bh6 b5 13. Bxg7 Kxg7 14. Qg5 Nh7 15. Qg3 Kh8 16. Nh4 g5 17. Nf5 Ndf6 18. Rad1 Rg8 19. Nh6 Rg6 20. Qxe5 Qb7 21. Nf5 Be6 22. Nd4 Re8 23. Qc5 Rc8 24. Nxe6 fxe6 25. e5 Nd7 26. Qd4 Rg7 27. Qd6 Qc7 28. Qxc7 Rxc7 29. Rfe1 g4 30. Bxh7 Kxh7 31. Rd6 Rg6 32. Ne4 Nxe5 33. Nf6+ Rxf6 34. Rxe5 Rcf7 35. Re2 c5 36. Rdxe6 Rxe6 37. Rxe6 Rd7 38. Kf1 Rd2 1/2-1/2